Propuesta de implementación de Benchmarking como estrategia en el área de servicio al huésped en la pequeña Empresa Hotelera ubicada entre las playas El Obispo y El Sunzal del Departamento de la Libertad. (Registro nro. 10215)

Detalles MARC
000 -LEADER
fixed length control field 00813nam a2200193Ia 4500
005 - FECHA Y HORA DE LA ÚLTIMA TRANSACCIÓN
control field 20231217105642.0
008 - FIXED-LENGTH DATA ELEMENTS--GENERAL INFORMATION
fixed length control field 231216s9999 xx 000 0 und d
040 ## - CATALOGING SOURCE
Original cataloging agency UPAN
Transcribing agency Biblioteca San Vicente
Description conventions RCAA2
041 ## - LANGUAGE CODE
Language code of text/sound track or separate title spa
082 ## - DEWEY DECIMAL CLASSIFICATION NUMBER
Classification number 338.479
Item number Alf
año de publicación 2007
100 ## - MAIN ENTRY--PERSONAL NAME
Personal name Alferez Quintanilla, Jaqueline Yaneth;
Relator code aut.
245 #0 - TITLE STATEMENT
Title Propuesta de implementación de Benchmarking como estrategia en el área de servicio al huésped en la pequeña Empresa Hotelera ubicada entre las playas El Obispo y El Sunzal del Departamento de la Libertad.
260 ## - PUBLICATION, DISTRIBUTION, ETC. (IMPRINT)
Place of publication, distribution, etc San Salvador:
Name of publisher, distributor, etc Universidad Panamericana,
Date of publication, distribution, etc 2007
300 ## - PHYSICAL DESCRIPTION
Extent 136 p.;
Dimensions 28 cm.
650 ## - SUBJECT ADDED ENTRY--TOPICAL TERM
Source of heading or term LEMB
Topical term or geographic name as entry element Benchmarking
700 ## - ADDED ENTRY--PERSONAL NAME
Personal name Granados Luna, Guadalupe del Carmen
Relator code aut.
700 ## - ADDED ENTRY--PERSONAL NAME
Personal name Miyares Siekavizza, Olga Maria del Rosario
Relator code aut.
942 ## - ADDED ENTRY ELEMENTS (KOHA)
Koha item type Libros
Source of classification or shelving scheme Dewey Decimal Classification
Existencias
Withdrawn status Lost status Source of classification or shelving scheme Damaged status Not for loan Collection code Home library Current library Date acquired Total Checkouts Full call number Barcode Date last seen Copy number Price effective from Koha item type
    Dewey Decimal Classification     Tesario Biblioteca UPAN San Vicente Biblioteca UPAN San Vicente 17/12/2023   338.479 Alf 12100049 17/12/2023 01 17/12/2023 Trabajos de Grado